| 000 | 00590nam a22001937a 4500 | ||
|---|---|---|---|
| 005 | 20160817121222.0 | ||
| 010 | _aENG-115771 | ||
| 020 |
_a97893833141002 _c500.00 |
||
| 035 | _aEN-99303 | ||
| 037 | _bDBAD/PUB | ||
| 082 | _a810 | ||
| 100 | _aJoshi, Mahadev N. | ||
| 245 |
_aOutlines of Sanskrit literature / _cMahadev N. Joshi |
||
| 260 |
_aDharwad _bRoopa Publications _c2016 |
||
| 270 |
_aPlot N0-33, 'Mahalasakanta' R.C. Nagar _bDharwad _e580001 |
||
| 300 |
_ax,277p. _c21cm(pbk) |
||
| 500 | _aIncludes bibliographical references | ||
| 942 |
_2ddc _cEN _h810 _mJOS |
||
| 999 |
_c102476 _d102476 |
||